10 principales países afectados por Covid19 - 30 de abril - Estadísticas

Estadísticas generales
  • Esta prueba ha sido intentada 8 veces
  • La puntuación promedio es 9 de 15
Estadísticas de respuestas
país % Correcto
España
100%
Estados Unidos
100%
Italia
100%
Francia
86%
Reino Unido
86%
Alemania
71%
Brasil
71%
Rusia
71%
Irán
57%
Irlanda
57%
Suiza
43%
Turquía
43%
Bélgica
29%
Catar
14%
Singapur
14%
No se encontraron pruebas coincidentes
Distribución de puntuación
Porcentaje de gente con cada puntuación
Porcentaje por número respondido
Historial de tus puntuaciones
No has intentado esta prueba.